[Event "Mem Vinas 15th A"]
[Site "Mataro"]
[Date "2019.06.29"]
[Round "8.3"]
[White "Cruz Estrada, Filemon"]
[Black "Mendoza Barbera, Pablo"]
[Result "1/2-1/2"]
[WhiteElo "2304"]
[BlackElo "1971"]
[PlyCount "32"]
[EventDate "2019.05.04"]
[EventType "swiss"]
[EventRounds "8"]
[EventCountry "ESP"]
[SourceTitle "EXT 2024"]
[Source "ChessBase"]
[SourceDate "2023.10.10"]
[SourceVersion "1"]
[SourceVersionDate "2023.10.10"]
[SourceQuality "1"]

1. c4 Nf6 2. Nf3 d6 3. g3 g6 4. Bg2 e5 5. 0-0 Bg7 6. Nc3 0-0 7. d3 c6 8. e4 a5 9. h3 h6 10. Be3 Na6 11. Qd2 Kh7 12. Rad1 Be6 13. b3 c5 14. Ne1 Nh5 15. Qe2 Nc7 16. Kh2 Qd7 1/2-1/2

[Event "Mem Vinas 15th A"]
[Site "Mataro"]
[Date "2019.06.01"]
[Round "4.3"]
[White "Mendoza Barbera, Pablo"]
[Black "Capellades Subirana, Marc"]
[Result "0-1"]
[WhiteElo "1971"]
[BlackElo "2193"]
[PlyCount "62"]
[EventDate "2019.05.04"]
[EventType "swiss"]
[EventRounds "8"]
[EventCountry "ESP"]
[SourceTitle "EXT 2024"]
[Source "ChessBase"]
[SourceDate "2023.10.10"]
[SourceVersion "1"]
[SourceVersionDate "2023.10.10"]
[SourceQuality "1"]

1. e4 e5 2. Nf3 Nc6 3. Bc4 Bc5 4. b4 Bxb4 5. c3 Bd6 6. d4 Qe7 7. 0-0 Nf6 8. Re1 0-0 9. Nbd2 Ba3 10. Nxe5 Nxe5 11. dxe5 Ne8 12. Bxa3 Qxa3 13. Rc1 Qc5 14. Bb3 Qxe5 15. Nf3 Qh5 16. e5 d6 17. h3 Bd7 18. Qd2 Bxh3 19. Ng5 Bf5 20. f3 h6 21. Nxf7 Rxf7 22. g4 Qg6 23. Qd5 Bc8 24. exd6 Nxd6 25. Re7 Kf8 26. Rce1 Bxg4 27. Rxf7+ Nxf7 28. fxg4 Qxg4+ 29. Kf1 Qf4+ 30. Kg1 Qg5+ 31. Qxg5 Nxg5 0-1

[Event "Mem Vinas 15th A"]
[Site "Mataro"]
[Date "2019.05.18"]
[Round "3.6"]
[White "Mendoza Barbera, Pablo"]
[Black "Colome Rovira, Oscar"]
[Result "1-0"]
[WhiteElo "1971"]
[BlackElo "1743"]
[PlyCount "39"]
[EventDate "2019.05.04"]
[EventType "swiss"]
[EventRounds "8"]
[EventCountry "ESP"]
[SourceTitle "EXT 2024"]
[Source "ChessBase"]
[SourceDate "2023.10.10"]
[SourceVersion "1"]
[SourceVersionDate "2023.10.10"]
[SourceQuality "1"]

1. e4 c5 2. Nc3 e5 3. Bc4 Be7 4. Qh5 Nh6 5. d3 Rf8 6. Qxe5 d6 7. Qxg7 Ng4 8. Bh6 Nc6 9. Nge2 Nce5 10. Bd5 Ng6 11. Qxh7 Nxh6 12. Qxh6 Bg4 13. Bxf7+ Kxf7 14. Qh7+ Kf6 15. Nd5+ Kg5 16. h4+ Nxh4 17. f4+ Rxf4 18. Qxh4+ Kg6 19. Nexf4+ Kf7 20. Qxg4 1-0

[Event "Maresme op 15th"]
[Site "Maresme"]
[Date "2018.11.03"]
[Round "5"]
[White "Mendoza Barbera, Pablo"]
[Black "Ruiz Molina, Gabriel"]
[Result "1/2-1/2"]
[WhiteElo "1919"]
[BlackElo "1929"]
[PlyCount "76"]
[EventDate "2018.09.29"]
[EventType "swiss"]
[EventRounds "9"]
[EventCountry "ESP"]
[SourceTitle "EXT 2024"]
[Source "ChessBase"]
[SourceDate "2023.10.10"]
[SourceVersion "1"]
[SourceVersionDate "2023.10.10"]
[SourceQuality "1"]

1. e4 e6 2. d3 d5 3. Nd2 Nf6 4. Ngf3 c5 5. g3 Nc6 6. Bg2 dxe4 7. dxe4 e5 8. 0-0 Be7 9. c3 Qc7 10. Qc2 0-0 11. Nc4 Rd8 12. Ne3 Bf8 13. Nd5 Nxd5 14. exd5 Ne7 15. c4 Nf5 16. Bd2 f6 17. a3 Rb8 18. Rfe1 Nd6 19. Be3 Bf5 20. Qe2 b5 21. Nd2 bxc4 22. Nxc4 Rb3 23. Nxd6 Bxd6 24. Red1 Rdb8 25. Rac1 Rxb2 26. Qc4 R8b5 27. Bf1 Qb6 28. Qa4 Qa5 29. Bxb5 Rxb5 30. Qxa5 Rxa5 31. Rc3 Kf7 32. Rdc1 c4 33. Rxc4 Rxd5 34. a4 Bd3 35. Rc6 a6 36. Bc5 Bxc5 37. R6xc5 Rd4 38. a5 Ra4 1/2-1/2

[Event "Maresme op 15th"]
[Site "Maresme"]
[Date "2018.09.29"]
[Round "1"]
[White "Mendoza Barbera, Pablo"]
[Black "Gomez Jorge, Felix"]
[Result "1-0"]
[WhiteElo "1919"]
[BlackElo "1609"]
[PlyCount "72"]
[EventDate "2018.09.29"]
[EventType "swiss"]
[EventRounds "9"]
[EventCountry "ESP"]
[SourceTitle "EXT 2020"]
[Source "ChessBase"]
[SourceDate "2019.10.17"]
[SourceVersion "1"]
[SourceVersionDate "2019.10.17"]
[SourceQuality "1"]

1. e4 c5 2. Nc3 e6 3. f4 a6 4. Nf3 Qc7 5. d4 cxd4 6. Nxd4 Bb4 7. Qd3 Ne7 8. Be2 Nbc6 9. Nxc6 Nxc6 10. 0-0 Bc5+ 11. Kh1 0-0 12. a3 b5 13. b4 Bd4 14. Bd2 Bb7 15. Rae1 Bb6 16. f5 Ne5 17. Qg3 f6 18. Qh3 Rae8 19. Bg4 Qc4 20. Be2 Qc6 21. Bd3 Nf7 22. Ne2 e5 23. Qg4 Qc7 24. Rf3 d5 25. Rg3 Nd6 26. exd5 Bxd5 27. Nc3 Bb7 28. Rh3 Re7 29. Qh5 h6 30. Qg6 Nf7 31. Ne4 Qc6 32. Rg3 Nh8 33. Qxh6 Bf2 34. Nxf2 Qxg2+ 35. Rxg2 Bxg2+ 36. Kxg2 gxh6 1-0

[Event "Llinars del Valles op-A 12th"]
[Site "Llinars del Valles"]
[Date "2018.04.28"]
[Round "3"]
[White "Xifra Tome, Bernat"]
[Black "Mendoza Barbera, Pablo"]
[Result "1-0"]
[WhiteElo "1703"]
[BlackElo "1917"]
[PlyCount "83"]
[EventDate "2018.04.14"]
[EventType "swiss"]
[EventRounds "8"]
[EventCountry "ESP"]
[SourceTitle "CBM 184 Extra"]
[Source "ChessBase"]
[SourceDate "2018.06.28"]
[SourceVersion "1"]
[SourceVersionDate "2018.06.28"]
[SourceQuality "1"]

1. e4 c5 2. Nf3 d6 3. d4 cxd4 4. Nxd4 Nf6 5. Nc3 a6 6. Be3 e5 7. Nb3 Be6 8. f3 Nbd7 9. Qd2 Be7 10. g4 b5 11. h4 Nb6 12. 0-0-0 Rc8 13. g5 Nh5 14. Qf2 Nc4 15. Bxc4 bxc4 16. Nc5 0-0 17. Rhg1 g6 18. Ne2 Qa5 19. Nxe6 fxe6 20. Kb1 Rb8 21. Ng3 Qa3 22. Bc1 Nxg3 23. Rxg3 Qb4 24. h5 Kg7 25. Qh2 Rh8 26. Qh3 Kf7 27. Rf1 c3 28. b3 Qc4 29. f4 Kg7 30. Rxc3 Qxe4 31. h6+ Kf7 32. fxe5+ Ke8 33. exd6 Bxd6 34. Re3 Qd5 35. Rxe6+ Kd8 36. Rf3 Rb4 37. Rd3 Rd4 38. Ree3 Kc7 39. Bb2 Rxd3 40. Rxd3 Qxg5 41. Bxh8 Ba3 42. Qg3+ 1-0

[Event "Maresme op 14th"]
[Site "Maresme"]
[Date "2017.11.18"]
[Round "7"]
[White "Mendoza Barbera, Pablo"]
[Black "Alonso Gomez, Raul"]
[Result "0-1"]
[WhiteElo "1901"]
[BlackElo "1926"]
[PlyCount "106"]
[EventDate "2017.09.30"]
[EventType "swiss"]
[EventRounds "9"]
[EventCountry "ESP"]
[SourceTitle "CBM 181 Extra"]
[Source "ChessBase"]
[SourceDate "2017.12.12"]
[SourceVersion "1"]
[SourceVersionDate "2017.12.12"]
[SourceQuality "1"]

1. e4 c5 2. Nc3 Nc6 3. f4 g6 4. Nf3 Bg7 5. Bc4 d6 6. d3 e6 7. 0-0 Nge7 8. Qe1 0-0 9. f5 gxf5 10. Qg3 Nd4 11. Bh6 Ng6 12. Bxg7 f4 13. Qf2 Nxf3+ 14. Qxf3 Kxg7 15. Qh5 h6 16. Ne2 Qg5 17. Qxg5 hxg5 18. g3 e5 19. Nc3 Bd7 20. a4 Rh8 21. Nb5 Bh3 22. Rf2 Rhd8 23. c3 a6 24. Nc7 Rac8 25. Nd5 Be6 26. Nb6 Bxc4 27. dxc4 Rb8 28. a5 Ne7 29. Rd2 f5 30. Rad1 fxe4 31. Rxd6 Rxd6 32. Rxd6 Kf7 33. Nd7 Rh8 34. Nxe5+ Kg7 35. Rd7 Kf6 36. Rxe7 Kxe7 37. Ng6+ Kf6 38. Nxh8 Kg7 39. b4 Kxh8 40. b5 Kg7 41. Kf2 Kf6 42. g4 Ke5 43. Ke2 e3 44. Kf3 Ke6 45. Ke2 Kf6 46. Kf3 Ke5 47. h3 Ke6 48. Ke2 Kf6 49. Kf3 Ke5 50. b6 Ke6 51. Kg2 e2 52. Kf2 f3 53. Ke1 Ke5 0-1

[Event "Maresme op 14th"]
[Site "Maresme"]
[Date "2017.11.11"]
[Round "6"]
[White "Servent Alvarez, Jordi"]
[Black "Mendoza Barbera, Pablo"]
[Result "1/2-1/2"]
[WhiteElo "1852"]
[BlackElo "1901"]
[PlyCount "67"]
[EventDate "2017.09.30"]
[EventType "swiss"]
[EventRounds "9"]
[EventCountry "ESP"]
[SourceTitle "CBM 181 Extra"]
[Source "ChessBase"]
[SourceDate "2017.12.12"]
[SourceVersion "1"]
[SourceVersionDate "2017.12.12"]
[SourceQuality "1"]

1. Nf3 Nf6 2. d4 d6 3. c4 g6 4. Nc3 Bg7 5. g3 0-0 6. Bg2 c6 7. 0-0 Nbd7 8. h3 e5 9. e4 Re8 10. b3 a5 11. Re1 exd4 12. Nxd4 Nc5 13. Bg5 h6 14. Bf4 Nh5 15. Be3 Nf6 16. Qc2 Qc7 17. Rad1 Bd7 18. a3 Rad8 19. b4 axb4 20. axb4 Ne6 21. Nxe6 Bxe6 22. Na4 Nd7 23. Qd2 Bxc4 24. Qxd6 Qxd6 25. Rxd6 Be5 26. Rd2 Bb5 27. Nc5 Bc3 28. Nxd7 Bxd2 29. Nf6+ Kf8 30. Bc5+ Kg7 31. Nxe8+ Rxe8 32. Rd1 Bc3 33. Rd7 Ba6 34. f4 1/2-1/2

[Event "Maresme op 14th"]
[Site "Maresme"]
[Date "2017.10.28"]
[Round "4"]
[White "Martin Villanova, Jordi"]
[Black "Mendoza Barbera, Pablo"]
[Result "0-1"]
[WhiteElo "1918"]
[BlackElo "1901"]
[PlyCount "70"]
[EventDate "2017.09.30"]
[EventType "swiss"]
[EventRounds "9"]
[EventCountry "ESP"]
[SourceTitle "CBM 181 Extra"]
[Source "ChessBase"]
[SourceDate "2017.12.12"]
[SourceVersion "1"]
[SourceVersionDate "2017.12.12"]
[SourceQuality "1"]

1. Nf3 Nf6 2. g3 g6 3. Bg2 Bg7 4. 0-0 0-0 5. c4 d6 6. d4 c6 7. Nc3 Nbd7 8. e4 e5 9. b3 Re8 10. d5 cxd5 11. cxd5 Nc5 12. Re1 a5 13. Ba3 b6 14. Rc1 Ba6 15. Bxc5 bxc5 16. Bf1 Bxf1 17. Kxf1 Qd7 18. Kg2 Bh6 19. Rb1 Rec8 20. Nd2 Bxd2 21. Qxd2 Kg7 22. Rb2 Rab8 23. Reb1 h5 24. a3 h4 25. b4 cxb4 26. axb4 axb4 27. Rxb4 Rxb4 28. Rxb4 hxg3 29. fxg3 Rh8 30. Kg1 Rh3 31. Kg2 Ng4 32. Qd3 Rxh2+ 33. Kf1 Qa7 34. Nd1 Rh1+ 35. Ke2 Qg1 0-1

[Event "Mataro Vinas Memorial 13th"]
[Site "Mataro"]
[Date "2017.04.22"]
[Round "1"]
[White "Asensio Linan, Teodoro"]
[Black "Mendoza Barbera, Pablo"]
[Result "1-0"]
[WhiteElo "2104"]
[BlackElo "1889"]
[PlyCount "47"]
[EventDate "2017.04.22"]
[EventType "swiss"]
[EventRounds "8"]
[EventCountry "ESP"]
[SourceTitle "CBM 187 Extra"]
[Source "ChessBase"]
[SourceDate "2018.11.04"]
[SourceVersion "1"]
[SourceVersionDate "2018.11.04"]
[SourceQuality "1"]

1. e4 c5 2. Nf3 d6 3. Bc4 e6 4. 0-0 Be7 5. Re1 a6 6. a4 b6 7. d4 cxd4 8. Nxd4 Nf6 9. Nc3 0-0 10. Ba2 Qc7 11. g4 Nc6 12. Nxc6 Qxc6 13. g5 Nd7 14. Nd5 Bd8 15. Bf4 Ne5 16. Re3 Bb7 17. Rc3 Qxa4 18. Bxe5 dxe5 19. Rc4 Qe8 20. Nc7 Bxc7 21. Rxc7 Bxe4 22. Qd6 Qb5 23. Bxe6 fxe6 24. Qe7 1-0

[Event "Mataro Maresme op-A 13th"]
[Site "Mataro"]
[Date "2016.11.26"]
[Round "8"]
[White "Gomez Jorge, Felix"]
[Black "Mendoza Barbera, Pablo"]
[Result "0-1"]
[WhiteElo "1900"]
[BlackElo "1867"]
[PlyCount "59"]
[EventDate "2016.10.08"]
[EventType "swiss"]
[EventRounds "9"]
[EventCountry "ESP"]
[SourceTitle "EXT 2018"]
[Source "ChessBase"]
[SourceDate "2017.10.13"]
[SourceVersion "1"]
[SourceVersionDate "2017.10.13"]
[SourceQuality "1"]

1. d4 Nf6 2. c4 e5 3. dxe5 Ng4 4. Nf3 Bc5 5. e3 Nc6 6. Be2 Ngxe5 7. Nc3 Nxf3+ 8. Bxf3 Ne5 9. Be2 0-0 10. 0-0 Re8 11. Na4 Bf8 12. Qd4 d6 13. f4 Nc6 14. Qd2 Bf5 15. Nc3 Qd7 16. Bf3 g6 17. e4 Bg4 18. Nd5 Bg7 19. Bxg4 Qxg4 20. Nxc7 Bd4+ 21. Kh1 Rxe4 22. Rf3 Rc8 23. Nd5 Rce8 24. h3 Qh4 25. Qd3 Re1+ 26. Kh2 Bg1+ 27. Kh1 Be3+ 28. Rf1 Rxf1+ 29. Qxf1 Bd4 30. Bd2 0-1

[Event "Mataro Maresme op-A 13th"]
[Site "Mataro"]
[Date "2016.10.29"]
[Round "4"]
[White "Gonzalez Moreno, Antoni"]
[Black "Mendoza Barbera, Pablo"]
[Result "1/2-1/2"]
[WhiteElo "1805"]
[BlackElo "1867"]
[PlyCount "76"]
[EventDate "2016.10.08"]
[EventType "swiss"]
[EventRounds "9"]
[EventCountry "ESP"]
[SourceTitle "EXT 2018"]
[Source "ChessBase"]
[SourceDate "2017.10.13"]
[SourceVersion "1"]
[SourceVersionDate "2017.10.13"]
[SourceQuality "1"]

1. c4 Nf6 2. Nc3 g6 3. g3 Bg7 4. Bg2 d6 5. e3 0-0 6. Nge2 c5 7. 0-0 Nc6 8. b3 Bg4 9. Bb2 a6 10. d4 cxd4 11. exd4 Qa5 12. h3 Bf5 13. a3 Rab8 14. Qd2 Qd8 15. Rad1 Qc8 16. Kh2 b5 17. cxb5 axb5 18. b4 h5 19. Rc1 Bd7 20. d5 Ne5 21. Nd4 Nc4 22. Qe2 Nxb2 23. Qxb2 Ng4+ 24. hxg4 Bxd4 25. gxh5 gxh5 26. Qd2 Bg7 27. Qg5 f6 28. Qe3 Qe8 29. Rfe1 f5 30. Qxe7 Qxe7 31. Rxe7 Rf7 32. Rxf7 Kxf7 33. Ne2 Rc8 34. Rxc8 Bxc8 35. Nf4 Bb2 36. Bf3 Bxa3 37. Bxh5+ Ke7 38. Be2 Bxb4 1/2-1/2

[Event "Mataro Maresme op-A 13th"]
[Site "Mataro"]
[Date "2016.10.15"]
[Round "2"]
[White "Fabregas Fernandez, Bernat"]
[Black "Mendoza Barbera, Pablo"]
[Result "1-0"]
[WhiteElo "2126"]
[BlackElo "1867"]
[PlyCount "75"]
[EventDate "2016.10.08"]
[EventType "swiss"]
[EventRounds "9"]
[EventCountry "ESP"]
[SourceTitle "EXT 2018"]
[Source "ChessBase"]
[SourceDate "2017.10.13"]
[SourceVersion "1"]
[SourceVersionDate "2017.10.13"]
[SourceQuality "1"]

1. Nf3 Nf6 2. c4 g6 3. Nc3 Bg7 4. e4 d6 5. d4 0-0 6. Be2 e5 7. 0-0 Nc6 8. Be3 Ng4 9. Bg5 f6 10. Bh4 g5 11. Bg3 f5 12. exf5 Nh6 13. dxe5 Nxf5 14. exd6 cxd6 15. Qd2 h6 16. Rad1 g4 17. Ne1 Nxg3 18. hxg3 Nd4 19. Nc2 Nxe2+ 20. Nxe2 Be6 21. b3 Qf6 22. Nf4 Bf7 23. Ne3 h5 24. Qxd6 Rad8 25. Qxf6 Bxf6 26. Rxd8 Rxd8 27. Rd1 Rxd1+ 28. Nxd1 Kf8 29. Ne3 Bg5 30. Ned5 Ke8 31. Kf1 Kd7 32. Ke2 Kd6 33. Nc3 Ke5 34. Nd3+ Kf5 35. Nb5 a6 36. Nd6+ Ke6 37. Nxf7 Kxf7 38. Nc5 1-0

[Event "Catalunya-chT"]
[Site "Catalunya"]
[Date "2014.03.22"]
[Round "9.2"]
[White "Mendoza Barbera, Pablo"]
[Black "Lopez Forn, Marc"]
[Result "1-0"]
[WhiteElo "1867"]
[BlackElo "2067"]
[PlyCount "67"]
[EventDate "2014.01.25"]
[EventType "team"]
[EventRounds "11"]
[EventCountry "ESP"]
[SourceTitle "EXT 2015"]
[Source "ChessBase"]
[SourceDate "2014.11.20"]
[SourceVersion "1"]
[SourceVersionDate "2014.11.20"]
[SourceQuality "1"]
[WhiteTeam "Sitges"]
[BlackTeam "Peona I Peo"]
[WhiteTeamCountry "ESP"]
[BlackTeamCountry "ESP"]

1. e4 c5 2. Nc3 e6 3. f4 a6 4. Nf3 Nc6 5. d4 cxd4 6. Nxd4 Qc7 7. Nxc6 dxc6 8. Be3 Nf6 9. Be2 Bd7 10. Bf3 Bb4 11. 0-0 0-0 12. Qe1 Qa5 13. Qf2 Qc7 14. Rad1 Be7 15. Kh1 Rae8 16. g4 Kh8 17. g5 Ng8 18. Bb6 Qc8 19. Qd4 Rd8 20. Bxd8 Rxd8 21. e5 c5 22. Qe3 Bc6 23. Rxd8 Bxd8 24. Rd1 Bb6 25. Bxc6 Qxc6+ 26. Qe4 Qc8 27. Qa4 c4 28. Ne4 h6 29. h4 Be3 30. Qd7 Qa8 31. Qd8 Qa7 32. Qe8 Bb6 33. Qxf7 Bc5 34. Rd8 1-0

[Event "Catalunya-chT"]
[Site "Catalunya"]
[Date "2014.02.22"]
[Round "5.1"]
[White "Castellet Giralt, Gabriel"]
[Black "Mendoza Barbera, Pablo"]
[Result "1/2-1/2"]
[WhiteElo "2198"]
[BlackElo "1867"]
[PlyCount "111"]
[EventDate "2014.01.25"]
[EventType "team"]
[EventRounds "11"]
[EventCountry "ESP"]
[SourceTitle "EXT 2015"]
[Source "ChessBase"]
[SourceDate "2014.11.20"]
[SourceVersion "1"]
[SourceVersionDate "2014.11.20"]
[SourceQuality "1"]
[WhiteTeam "Cerdanyola Valles"]
[BlackTeam "Sitges"]
[WhiteTeamCountry "ESP"]
[BlackTeamCountry "ESP"]

1. d4 Nf6 2. c4 g6 3. Nc3 Bg7 4. e4 d6 5. f4 c5 6. dxc5 Qa5 7. Bd3 Qxc5 8. Qe2 Nc6 9. Nf3 Bg4 10. Be3 Bxf3 11. gxf3 Qa5 12. 0-0 0-0 13. Rac1 e6 14. Rfd1 Rfd8 15. Qf2 d5 16. e5 d4 17. Bd2 dxc3 18. Bxc3 Qc7 19. exf6 Qxf4 20. fxg7 Rxd3 21. Rxd3 Qxc1+ 22. Kg2 Qg5+ 23. Qg3 Qxg3+ 24. Kxg3 Rd8 25. Rxd8+ Nxd8 26. Kf4 Nc6 27. a3 a5 28. b3 h6 29. h4 f5 30. c5 Kf7 31. b4 axb4 32. axb4 e5+ 33. Ke3 Kxg7 34. b5 Na7 35. c6 b6 36. Bxe5+ Kf7 37. Kd3 Ke6 38. Bd4 Nxb5 39. Bxb6 Kd6 40. Be3 h5 41. Bc1 Kxc6 42. Ke3 Kd5 43. Kf4 Ke6 44. Kg5 Kf7 45. Bb2 Nc7 46. Kf4 Ne6+ 47. Ke5 Nc5 48. Kd4 Nd7 49. Kd5 Nf6+ 50. Ke5 Nd7+ 51. Kf4 Nc5 52. Bc3 Nd3+ 53. Ke3 Nc1 54. Bb4 Ke6 55. Ba3 Nb3 56. Kf4 1/2-1/2

[Event "Vilafranca del Penedes op 6th"]
[Site "Vilafranca del Penedes"]
[Date "2012.06.01"]
[Round "8"]
[White "Zumel Roman, David"]
[Black "Mendoza Barbera, Pablo"]
[Result "0-1"]
[WhiteElo "1714"]
[BlackElo "1882"]
[PlyCount "116"]
[EventDate "2012.04.13"]
[EventType "swiss"]
[EventRounds "8"]
[EventCountry "ESP"]
[SourceTitle "CBM 148 Extra"]
[Source "ChessBase"]
[SourceDate "2012.06.22"]
[SourceVersion "1"]
[SourceVersionDate "2012.06.22"]
[SourceQuality "1"]

1. c4 Nf6 2. Nc3 g6 3. g3 Bg7 4. Bg2 d6 5. Rb1 0-0 6. e4 c5 7. a3 Nc6 8. b4 cxb4 9. axb4 e5 10. Nge2 Bg4 11. f3 Be6 12. Nd5 Qd7 13. 0-0 Bh3 14. d3 Bxg2 15. Kxg2 Nxd5 16. cxd5 Ne7 17. d4 Rfc8 18. dxe5 Bxe5 19. Bb2 Bxb2 20. Rxb2 Rc4 21. Qd2 Rac8 22. Rc1 Rxc1 23. Nxc1 Qc7 24. Nd3 Qc3 25. Qxc3 Rxc3 26. Nf2 Kg7 27. b5 h5 28. h4 Kf6 29. f4 Nc8 30. e5+ Ke7 31. Ne4 Rc4 32. exd6+ Nxd6 33. Nxd6 Kxd6 34. Re2 Rc5 35. Rb2 Rxd5 36. b6 a6 37. Rc2 Rc5 38. Rd2+ Kc6 39. Kf3 Rd5 40. Rb2 Rb5 41. Re2 Rb3+ 42. Kg2 Kd6 43. Rd2+ Ke6 44. Re2+ Kf6 45. Kh3 Rxb6 46. g4 Rb3+ 47. Kg2 hxg4 48. Re5 Rf3 49. Re4 b5 50. Rd4 Re3 51. Rd6+ Re6 52. Rd3 b4 53. Kg3 Kf5 54. Rd5+ Ke4 55. Rd2 f5 56. Re2+ Kd5 57. Ra2 b3 58. Rb2 Kc4 0-1

[Event "Vilafranca del Penedes op 6th"]
[Site "Vilafranca del Penedes"]
[Date "2012.04.20"]
[Round "2"]
[White "Mendoza Barbera, Pablo"]
[Black "Palacios Perez, Manuel"]
[Result "1/2-1/2"]
[WhiteElo "1882"]
[BlackElo "2184"]
[PlyCount "37"]
[EventDate "2012.04.13"]
[EventType "swiss"]
[EventRounds "8"]
[EventCountry "ESP"]
[SourceTitle "CBM 148 Extra"]
[Source "ChessBase"]
[SourceDate "2012.06.22"]
[SourceVersion "1"]
[SourceVersionDate "2012.06.22"]
[SourceQuality "1"]

1. e4 c5 2. Nc3 Nc6 3. f4 e6 4. Nf3 d5 5. Bb5 Nf6 6. exd5 exd5 7. d3 Be7 8. Ne5 Qc7 9. Qf3 0-0 10. Bxc6 bxc6 11. 0-0 Nd7 12. Nxc6 Nb6 13. Nxe7+ Qxe7 14. Nxd5 Nxd5 15. Qxd5 Bb7 16. Qe5 Qd7 17. Qxc5 Rfe8 18. Qf2 Qc6 19. b3 1/2-1/2

[Event "Vilafranca del Penedes op 4th"]
[Site "Vilafranca del Penedes"]
[Date "2010.05.21"]
[Round "6.10"]
[White "Layola Barrionuevo, Oriol"]
[Black "Mendoza Barbera, Pablo"]
[Result "1-0"]
[WhiteElo "2096"]
[BlackElo "1831"]
[PlyCount "73"]
[EventDate "2010.04.16"]
[EventType "swiss"]
[EventRounds "8"]
[EventCountry "ESP"]
[SourceTitle "EXT 2024"]
[Source "ChessBase"]
[SourceDate "2023.10.10"]
[SourceVersion "1"]
[SourceVersionDate "2023.10.10"]
[SourceQuality "1"]

1. d4 Nf6 2. Bg5 Ne4 3. h4 c5 4. dxc5 Qa5+ 5. Nd2 Nc6 6. c3 Nxg5 7. hxg5 Qxc5 8. g6 fxg6 9. Ngf3 d5 10. e3 e5 11. Nh4 Qd6 12. Qc2 e4 13. 0-0-0 Qf6 14. Be2 Ne5 15. Nxe4 dxe4 16. Qxe4 Be7 17. Rd5 g5 18. Rxe5 gxh4 19. Rxh4 g5 20. Bb5+ Kf8 21. Rh1 a6 22. Bc4 Bd7 23. Rxh7 Rxh7 24. Qxh7 Ke8 25. Qg8+ Qf8 26. Qxg5 Kd8 27. Qg6 Kc7 28. f4 Bd6 29. Rd5 Bc6 30. Rf5 Qd8 31. Qg7+ Kb6 32. Qd4+ Kc7 33. Rf7+ Kc8 34. Rg7 b5 35. Be6+ Kb8 36. Rg8 Be8 37. Rxe8 1-0